[Event "Manitoba-Tch D"]
[Site "Winnipeg CAN"]
[Date "1998.04.03"]
[Round "2"]
[White "Isfeld, Ingthor"]
[Black "Gibbons, Lorne"]
[Result "0-1"]
[WhiteElo "1432"]
[BlackElo "1401"]
[PlyCount "90"]
[GameId "2160767911873652"]
[EventDate "1998.03.27"]
[EventType "team"]
[EventRounds "5"]
[EventCountry "CAN"]

1. d4 Nf6 2. Bf4 g6 3. h3 Bg7 4. Nf3 d5 5. a3 Nc6 6. e3 Bf5 7. Nbd2 O-O 8. c4 Re8 9. c5 Nd7 10. Bb5 Ncb8 11. Ne5 Bxe5 12. Bxe5 a6 13. Ba4 f6 14. Bg3 b5 15. cxb6 cxb6 16. Bxb8 b5 17. Bc2 Bxc2 18. Qxc2 Nxb8 19. O-O Nd7 20. Qb3 Nb6 21. Rfc1 Rc8 22. Qb4 Nc4 23. Nf3 e6 24. Rab1 Qb6 25. Rc3 a5 26. Qb3 Rb8 27. Qa2 Ra8 28. Rc2 Rec8 29. Rbc1 a4 30. Ra1 Ra7 31. Qb1 Rcc7 32. Ne1 b4 33. Nd3 bxa3 34. Ra2 Rcb7 35. Qc1 Qb3 36. Rxa3 Nxa3 37. Rc8+ Kf7 38. Nc5 Qxb2 39. Nxb7 Qxc1+ 40. Rxc1 Rxb7 41. Kh2 Nc4 42. Ra1 a3 43. Kg3 Rb2 44. Rc1 a2 45. h4 Rb1 0-1

[Event "Manitoba-Tch D"]
[Site "Winnipeg CAN"]
[Date "1998.04.03"]
[Round "2"]
[White "Matwychuk, Norman"]
[Black "Charter, Bennet"]
[Result "0-1"]
[WhiteElo "1345"]
[BlackElo "1306"]
[PlyCount "50"]
[GameId "2160767911873653"]
[EventDate "1998.03.27"]
[EventType "team"]
[EventRounds "5"]
[EventCountry "CAN"]

1. Nf3 d5 2. g3 Nc6 3. Bg2 e5 4. d3 Nf6 5. Nbd2 Bd6 6. O-O O-O 7. Re1 Re8 8. e4 dxe4 9. dxe4 b6 10. Nf1 Bc5 11. Qe2 Ng4 12. Be3 Nxe3 13. Nxe3 a5 14. c3 Ba6 15. Qc2 Bd3 16. Qc1 Qd6 17. Nc2 Qg6 18. Nh4 Qf6 19. Ne3 Rad8 20. Ng4 Qe6 21. Qg5 f6 22. Qf5 Qxf5 23. Nxf5 Bc4 24. Rad1 Bxa2 25. Rxd8 Rxd8 0-1

[Event "Manitoba-Tch D"]
[Site "Winnipeg CAN"]
[Date "1998.04.10"]
[Round "3"]
[White "Charter, Bennet"]
[Black "Isfeld, Ingthor"]
[Result "0-1"]
[WhiteElo "1306"]
[BlackElo "1432"]
[PlyCount "148"]
[GameId "2160767911873654"]
[EventDate "1998.03.27"]
[EventType "team"]
[EventRounds "5"]
[EventCountry "CAN"]

1. e4 c5 2. Nf3 e6 3. d4 d5 4. Nc3 Nc6 5. Be3 cxd4 6. Bxd4 Nge7 7. Be2 Ng6 8. Be3 dxe4 9. Nxe4 Be7 10. O-O O-O 11. Qd2 Qxd2 12. Nfxd2 Nb4 13. Rfc1 b6 14. c3 Nd5 15. Nc4 Rd8 16. Rd1 Bb7 17. Rd3 Nxe3 18. Rxe3 Rd7 19. Rd1 Rad8 20. Rxd7 Rxd7 21. f3 Bd5 22. Rd3 Rd8 23. Rd1 Nf4 24. Bf1 b5 25. Ne3 Bxe4 26. Rxd8+ Bxd8 27. fxe4 a6 28. g3 Ng6 29. b3 Bb6 30. Kf2 Ne5 31. Ke2 Kf8 32. Kd2 Ke7 33. a3 Kd6 34. c4 bxc4 35. Nxc4+ Nxc4+ 36. Bxc4 a5 37. Kc3 Ke5 38. Kd3 Bc5 39. a4 g6 40. Ba6 g5 41. Kc4 Bb4 42. Bb7 f5 43. Kd3 f4 44. Ke2 g4 45. gxf4+ Kxf4 46. Kf2 h5 47. Kg2 h4 48. h3 g3 49. Bc8 Ke5 50. Bb7 Kd4 51. Kf3 Be7 52. Bc8 Ke5 53. Bb7 Kd6 54. Kg2 Kc7 55. Ba8 Kb6 56. Kf3 Kc5 57. e5 Kb4 58. Bc6 Kxb3 59. Bd7 Kb4 60. Kg2 Bd8 61. Bxe6 Kxa4 62. Bd5 Kb4 63. e6 a4 64. Kf3 a3 65. Kg2 Kc3 66. Kf3 Kb2 67. Kg2 a2 68. Bxa2 Kxa2 69. Kf3 Kb3 70. Kg2 Kc3 71. Kf3 Kd2 72. Kg2 Ke2 73. Kg1 Be7 74. Kg2 Ke3 0-1

[Event "Manitoba-Tch D"]
[Site "Winnipeg CAN"]
[Date "1998.04.10"]
[Round "3"]
[White "Gibbons, Lorne"]
[Black "Magyar, Peter"]
[Result "1-0"]
[WhiteElo "1401"]
[BlackElo "1426"]
[PlyCount "129"]
[GameId "2160767911873655"]
[EventDate "1998.03.27"]
[EventType "team"]
[EventRounds "5"]
[EventCountry "CAN"]

1. e4 e6 2. Nc3 d5 3. d4 Nf6 4. f3 Bb4 5. e5 Nfd7 6. Bd2 a6 7. Bd3 c5 8. Nge2 cxd4 9. Nxd4 Nxe5 10. Be2 Bd7 11. f4 Nec6 12. Nf3 Bc5 13. Na4 Ba7 14. Bc3 b5 15. Bxg7 Rg8 16. Nc3 Rxg7 17. g3 Nd4 18. Qd3 Nxe2 19. Nxe2 Nc6 20. c3 Na5 21. O-O-O Nc4 22. Ned4 Qc7 23. b3 Nd6 24. Kb2 Ne4 25. Qc2 b4 26. c4 Rc8 27. Rc1 Nc3 28. Ne2 Nxe2 29. Qxe2 d4 30. Rhd1 Bc6 31. Ne5 f6 32. Nd3 Qb7 33. Qxe6+ Qe7 34. Qxc8+ Kf7 35. Re1 Be4 36. Qxa6 Qb7 37. Qxb7+ Bxb7 38. Nxb4 f5 39. c5 Be4 40. Red1 Bb8 41. Rxd4 Bxf4 42. Rd7+ Kf6 43. Rxg7 Bxc1+ 44. Kxc1 Kxg7 45. Kd2 Kf6 46. Na6 Bd5 47. Kc3 Ke5 48. Nb4 Bb7 49. a4 Ke6 50. Kd4 Bf3 51. a5 Kd7 52. Nd3 Bb7 53. b4 Ba6 54. Nf4 Kc6 55. Nd5 Bb7 56. b5+ Kxb5 57. Ne7 Be4 58. c6 Bxc6 59. Nxc6 Kxc6 60. Ke5 Kb5 61. Kxf5 Kxa5 62. Kg5 Kb5 63. g4 Kc6 64. Kh6 Kd6 65. Kxh7 1-0

[Event "Manitoba-Tch D"]
[Site "Winnipeg CAN"]
[Date "1998.04.10"]
[Round "3"]
[White "McLellan, J."]
[Black "Matwychuk, Norman"]
[Result "1/2-1/2"]
[WhiteElo "1316"]
[BlackElo "1345"]
[PlyCount "31"]
[GameId "2160767911873656"]
[EventDate "1998.03.27"]
[EventType "team"]
[EventRounds "5"]
[EventCountry "CAN"]

1. d4 Nf6 2. e3 d5 3. f4 e6 4. Nf3 Nc6 5. c3 Ne4 6. Bd3 Nf6 7. O-O Be7 8. Ne5 Nxe5 9. fxe5 Nd7 10. Qc2 g6 11. Qf2 O-O 12. e4 Bg5 13. Bxg5 Qxg5 14. Qd2 Qxd2 15. Nxd2 b6 16. exd5 1/2-1/2

[Event "Manitoba-Tch D"]
[Site "Winnipeg CAN"]
[Date "1998.04.17"]
[Round "4"]
[White "Matwychuk, Norman"]
[Black "Gibbons, Lorne"]
[Result "0-1"]
[WhiteElo "1345"]
[BlackElo "1401"]
[PlyCount "100"]
[GameId "2160767911873657"]
[EventDate "1998.03.27"]
[EventType "team"]
[EventRounds "5"]
[EventCountry "CAN"]

1. e4 e5 2. Nc3 Nf6 3. Bc4 Bb4 4. d3 c6 5. a3 Bc5 6. Na4 Qa5+ 7. Nc3 d5 8. exd5 cxd5 9. Bb5+ Bd7 10. Bxd7+ Nbxd7 11. Bd2 Qb6 12. Nh3 Qxb2 13. Rb1 Qxa3 14. Rxb7 Rb8 15. Rxb8+ Nxb8 16. Nb1 Qa1 17. O-O Nbd7 18. Qe2 Qa6 19. Qf3 O-O 20. Re1 Re8 21. Qg3 Nh5 22. Qf3 Ndf6 23. g4 e4 24. dxe4 dxe4 25. Qf5 Qe6 26. Qxe6 Rxe6 27. gxh5 Nxh5 28. Kh1 Nf6 29. Be3 Rc6 30. Re2 h6 31. Bxc5 Rxc5 32. c3 Re5 33. c4 Nd7 34. Nc3 f5 35. Nd5 g5 36. Ra2 Nb6 37. Rxa7 Nxd5 38. Ra5 Kf7 39. cxd5 f4 40. Kg2 h5 41. Ra7+ Ke8 42. d6 Rd5 43. d7+ Kd8 44. Kf1 f3 45. Ke1 Rf5 46. Ra8+ Kxd7 47. Rg8 g4 48. Ng5 Re5 49. Nf7 Rf5 50. Rg5 Rxf7 0-1

[Event "Manitoba-Tch D"]
[Site "Winnipeg CAN"]
[Date "1998.04.17"]
[Round "4"]
[White "McLellan, Joseph"]
[Black "Charter, Bennet"]
[Result "0-1"]
[WhiteElo "1316"]
[BlackElo "1306"]
[PlyCount "112"]
[GameId "2160767911873658"]
[EventDate "1998.03.27"]
[EventType "team"]
[EventRounds "5"]
[EventCountry "CAN"]

1. d4 d5 2. e3 Nf6 3. f4 g6 4. Nf3 Bg7 5. Ne5 O-O 6. Bd3 b6 7. O-O c5 8. c3 c4 9. Bc2 Nbd7 10. Nd2 Nxe5 11. fxe5 Bg4 12. Nf3 Ne4 13. Bxe4 dxe4 14. h3 exf3 15. hxg4 fxg2 16. Kxg2 Qd5+ 17. Qf3 e6 18. Qxd5 exd5 19. Rh1 f6 20. e4 fxe5 21. Bh6 Rfe8 22. Bxg7 Kxg7 23. Rhf1 exd4 24. exd5 Re2+ 25. Rf2 Rxf2+ 26. Kxf2 dxc3 27. bxc3 Rd8 28. Rd1 Kf6 29. d6 Ke6 30. Rd4 Rxd6 31. Rxc4 Rd2+ 32. Kg3 Rxa2 33. Rc7 h6 34. Rc6+ Kf7 35. Rc7+ Ke8 36. Rc8+ Kd7 37. Rg8 Ra3 38. Rxg6 Rxc3+ 39. Kh4 Rc2 40. Rg7+ Kc8 41. Rxa7 Kb8 42. Ra3 Rh2+ 43. Rh3 Rxh3+ 44. Kxh3 b5 45. Kh4 b4 46. Kh5 b3 47. Kxh6 b2 48. g5 b1=Q 49. g6 Qh1+ 50. Kg7 Kc7 51. Kf7 Qd5+ 52. Kg7 Kd7 53. Kh7 Qh1+ 54. Kg7 Ke7 55. Kg8 Kf6 56. g7 Qg1 0-1

[Event "Manitoba-Tch D"]
[Site "Winnipeg CAN"]
[Date "1998.04.24"]
[Round "5"]
[White "Charter, Bennet"]
[Black "Magyar, Peter"]
[Result "1-0"]
[WhiteElo "1306"]
[BlackElo "1426"]
[PlyCount "51"]
[GameId "2160767911873659"]
[EventDate "1998.03.27"]
[EventType "team"]
[EventRounds "5"]
[EventCountry "CAN"]

1. e4 e6 2. d4 d5 3. Nc3 Nf6 4. Bd3 c5 5. e5 Nfd7 6. Be3 cxd4 7. Bxd4 Nc6 8. Bb5 a6 9. Bxc6 bxc6 10. f4 Rb8 11. Nf3 Bb4 12. O-O c5 13. Bf2 Bxc3 14. bxc3 O-O 15. f5 Qc7 16. Bg3 Qa5 17. Qd2 Nb6 18. f6 h6 19. fxg7 Kxg7 20. Bh4 Kh7 21. Ne1 c4 22. Rf6 Rh8 23. Rxh6+ Kg8 24. Rxh8+ Kxh8 25. Qh6+ Kg8 26. Bf6 1-0

[Event "Manitoba-Tch Expert"]
[Site "Winnipeg CAN"]
[Date "1998.03.27"]
[Round "1"]
[White "Schulz, Manfred"]
[Black "Hellsten, Ole"]
[Result "0-1"]
[WhiteElo "1981"]
[BlackElo "2016"]
[PlyCount "108"]
[GameId "2160767911873660"]
[EventDate "1998.03.27"]
[EventType "swiss"]
[EventRounds "5"]
[EventCountry "CAN"]

1. e4 c6 2. d4 d5 3. Nc3 dxe4 4. Nxe4 Nf6 5. Nxf6+ exf6 6. c3 Bd6 7. Bd3 O-O 8. Qc2 Re8+ 9. Ne2 h6 10. O-O Qc7 11. h3 Nd7 12. Be3 Nf8 13. Rfe1 Bd7 14. Rad1 c5 15. dxc5 Bxc5 16. Bxc5 Qxc5 17. Nd4 g6 18. Qd2 Kg7 19. Be4 Rab8 20. Re3 b5 21. Rde1 b4 22. Nb3 bxc3 23. Rxc3 Qb4 24. Bc2 Be6 25. Re4 Qb6 26. Rd4 Nd7 27. Rd6 Qb7 28. Na5 Qxb2 29. Nc6 Rbc8 30. Rxd7 Bxd7 31. Rb3 Qxa2 32. Nb4 Qa1+ 33. Rb1 Rxc2 34. Qd1 Qa4 35. Nxc2 Bf5 36. Rc1 Rc8 37. Ne3 Qxd1+ 38. Rxd1 Be6 39. Ra1 Rc7 40. Ra5 f5 41. Kh2 Kf8 42. Kg3 Ke7 43. Ra4 Kd6 44. Ra3 Kc6 45. h4 Kb5 46. Rd3 a5 47. Rd8 a4 48. Rb8+ Ka5 49. h5 gxh5 50. Rd8 a3 51. Nd1 a2 52. Nb2 Ra7 53. Rd1 Kb4 54. Nd3+ Kc3 0-1

[Event "Manitoba-Tch Expert"]
[Site "Winnipeg CAN"]
[Date "1998.04.03"]
[Round "2"]
[White "Kim, Phillip"]
[Black "Schulz, Manfred"]
[Result "1-0"]
[WhiteElo "2085"]
[BlackElo "1981"]
[PlyCount "107"]
[GameId "2160767911873661"]
[EventDate "1998.03.27"]
[EventType "swiss"]
[EventRounds "5"]
[EventCountry "CAN"]

1. e4 c6 2. d4 d5 3. Nd2 dxe4 4. Nxe4 Nf6 5. Nxf6+ gxf6 6. g3 Qd5 7. Nf3 Bg4 8. Bg2 Nd7 9. O-O O-O-O 10. h3 Bh5 11. Qd3 Bg6 12. Qe2 Be4 13. Be3 Nb6 14. b3 h5 15. c4 Qf5 16. Rfd1 e6 17. a4 Bb4 18. a5 Nd7 19. c5 Bxf3 20. Bxf3 e5 21. a6 b6 22. Bxc6 exd4 23. Bf4 Ne5 24. Bb7+ Kb8 25. cxb6 Bc5 26. bxa7+ Kxa7 27. Be4 Qxh3 28. Qb5 Bb6 29. Bxe5 fxe5 30. Rac1 Qd7 31. Rc6 Rb8 32. Qxe5 Rhe8 33. Qf4 Re6 34. Rc4 Rd6 35. Qf3 h4 36. g4 Rd8 37. Rdc1 d3 38. Bf5 d2 39. Rc7+ Qxc7 40. Rxc7+ Kxa6 41. Qb7+ Ka5 42. b4+ Kxb4 43. Bc2 d1=Q+ 44. Bxd1 Rxd1+ 45. Kg2 Ka5 46. Rxf7 R1d5 47. Rf6 R5d6 48. Rf5+ Kb4 49. Qe4+ Rd4 50. Qb1+ Kc3 51. Qxb6 Rxg4+ 52. Kf3 Rgd4 53. Rc5+ Kd2 54. Qb2+ 1-0

[Event "Manitoba-Tch Expert"]
[Site "Winnipeg CAN"]
[Date "1998.04.03"]
[Round "2"]
[White "Sekhar, Ganesan"]
[Black "Hellsten, Ole"]
[Result "0-1"]
[WhiteElo "1930"]
[BlackElo "2016"]
[PlyCount "126"]
[GameId "2160767911873662"]
[EventDate "1998.03.27"]
[EventType "swiss"]
[EventRounds "5"]
[EventCountry "CAN"]

1. d4 d5 2. c4 e6 3. Nf3 Nf6 4. e3 Be7 5. Nc3 Nbd7 6. a3 O-O 7. Bd2 dxc4 8. Bxc4 a6 9. O-O c5 10. Rc1 b5 11. Ba2 Bb7 12. Bb1 Qb6 13. dxc5 Nxc5 14. b4 Nce4 15. Nd4 Rfd8 16. Nxe4 Nxe4 17. Bxe4 Bxe4 18. f3 Bb7 19. Qe2 Rd7 20. Rc2 Bd5 21. Rfc1 Bf6 22. Qf2 Bc4 23. Bc3 Rad8 24. Rd2 e5 25. Nf5 Rxd2 26. Bxd2 Qe6 27. e4 Qd7 28. Be3 Qd3 29. Bc5 Qxa3 30. Re1 Rd3 31. Qg3 g6 32. Nh6+ Kg7 33. h4 Qc3 34. Ng4 h5 35. Nxf6 Kxf6 36. Bf8 Qd2 37. Ra1 Be6 38. Rxa6 Qe3+ 39. Kh2 Rd1 40. Qg5+ Qxg5 41. hxg5+ Kxg5 42. Bg7 Rb1 43. Bxe5 Rxb4 44. Bc3 Rb3 45. Bd2+ Kf6 46. Kg3 Ke5 47. Rb6 Kd4 48. Kf4 Kd3 49. Rd6+ Ke2 50. Ba5 Rd3 51. Rc6 Bc4 52. Bb6 Kf1 53. g3 Ke2 54. g4 h4 55. g5 h3 56. Bg1 Rxf3+ 57. Kg4 Be6+ 58. Kh4 Rf4+ 59. Kg3 Rxe4 60. Rc2+ Kd3 61. Rb2 Rg4+ 62. Kh2 Rxg5 63. Bb6 Rg2+ 0-1

[Event "Manitoba-Tch Expert"]
[Site "Winnipeg CAN"]
[Date "1998.04.03"]
[Round "2"]
[White "Udarbe, Steve"]
[Black "Roque, Rodolfo"]
[Result "1-0"]
[WhiteElo "2091"]
[BlackElo "2031"]
[PlyCount "49"]
[GameId "2160767911873663"]
[EventDate "1998.03.27"]
[EventType "swiss"]
[EventRounds "5"]
[EventCountry "CAN"]

1. d4 d5 2. e3 Nc6 3. f4 Nf6 4. Bd3 Bg4 5. Ne2 e6 6. Nd2 Bd6 7. a3 Nh5 8. O-O Qd7 9. c4 f5 10. Qc2 Nf6 11. Nc3 O-O 12. cxd5 Nxd5 13. Nf3 Bxf3 14. Rxf3 Bxf4 15. Nxd5 Bxh2+ 16. Kxh2 Qxd5 17. Bd2 Rf6 18. Raf1 Qd6+ 19. Kg1 Rh6 20. Bc4 Qh2+ 21. Kf2 Rd8 22. Qxf5 Qh4+ 23. Ke2 Rf6 24. Qxe6+ Kh8 25. Rxf6 1-0

[Event "Manitoba-Tch Expert"]
[Site "Winnipeg CAN"]
[Date "1998.04.10"]
[Round "3"]
[White "Roque, Rodolfo"]
[Black "Kim, Phillip"]
[Result "0-1"]
[WhiteElo "2031"]
[BlackElo "2085"]
[PlyCount "90"]
[GameId "2160767911873664"]
[EventDate "1998.03.27"]
[EventType "swiss"]
[EventRounds "5"]
[EventCountry "CAN"]

1. e4 c5 2. f4 d5 3. e5 Nc6 4. Nf3 Bg4 5. Be2 e6 6. O-O h5 7. h3 Bxf3 8. Bxf3 h4 9. Nc3 g6 10. d3 Nh6 11. Ne2 Nf5 12. c3 Qb6 13. Kh2 O-O-O 14. Qc2 Kb8 15. Rb1 Bg7 16. a3 g5 17. b4 gxf4 18. bxc5 Qxc5 19. d4 Nfxd4 20. Qb2 Nxf3+ 21. Rxf3 Rd7 22. Bxf4 Bxe5 23. Qd2 Qd6 24. Nd4 Bxf4+ 25. Rxf4 Nxd4 26. cxd4 Qxa3 27. Rf3 Qd6+ 28. Kh1 f5 29. Qa5 Rg8 30. Ra3 b6 31. Rab3 Rb7 32. Qb5 Qd7 33. Qe2 Qg7 34. Re3 Re7 35. Rf1 Qxd4 36. Rxe6 Rxe6 37. Qxe6 Rd8 38. Qe7 Rc8 39. Qd6+ Kb7 40. Qd7+ Rc7 41. Qxf5 Qe4 42. Qf8 d4 43. Qb4 Rg7 44. Rf2 a5 45. Qf8 Rc7 0-1

[Event "Manitoba-Tch Expert"]
[Site "Winnipeg CAN"]
[Date "1998.04.17"]
[Round "4"]
[White "Kim, Phillip"]
[Black "Hellsten, Ole"]
[Result "1/2-1/2"]
[WhiteElo "2085"]
[BlackElo "2016"]
[PlyCount "70"]
[GameId "2160767911873665"]
[EventDate "1998.03.27"]
[EventType "swiss"]
[EventRounds "5"]
[EventCountry "CAN"]

1. e4 e6 2. d4 d5 3. e5 c5 4. c3 Nc6 5. Nf3 Bd7 6. a3 c4 7. Be2 Na5 8. Nbd2 Bc6 9. Rb1 Qd7 10. b3 Rc8 11. O-O cxb3 12. Nxb3 Ba4 13. Nxa5 Bxd1 14. Bb5 Qxb5 15. Rxb5 Bxf3 16. gxf3 b6 17. Nb3 Rxc3 18. a4 Kd7 19. Be3 Be7 20. Rb1 Bd8 21. a5 Ne7 22. axb6 axb6 23. Ra1 Bc7 24. Ra7 Kc6 25. Rb4 Nf5 26. Bd2 Rc4 27. Kf1 Rc8 28. Ke2 Rxb4 29. Bxb4 Kb5 30. Ba3 Kc4 31. Nd2+ Kxd4 32. f4 Kc3 33. Ra4 Bd8 34. Bb4+ Kb2 35. Ba3+ Kc3 1/2-1/2

[Event "Manitoba-Tch Expert"]
[Site "Winnipeg CAN"]
[Date "1998.04.17"]
[Round "4"]
[White "Roque, Rodolfo"]
[Black "Schulz, Manfred"]
[Result "1-0"]
[WhiteElo "2031"]
[BlackElo "1981"]
[PlyCount "87"]
[GameId "2160767911873666"]
[EventDate "1998.03.27"]
[EventType "swiss"]
[EventRounds "5"]
[EventCountry "CAN"]

1. e4 c6 2. Nc3 d5 3. Nf3 dxe4 4. Nxe4 Nf6 5. Ng3 h5 6. d4 h4 7. Ne2 Bf5 8. h3 Be4 9. Ng5 e6 10. a3 Bd6 11. Nc3 Bg6 12. Bd3 Bxd3 13. Qxd3 Qc7 14. O-O Nbd7 15. b4 Nh5 16. Re1 Nf8 17. Qf3 Nf6 18. Nce4 Nxe4 19. Rxe4 Qd7 20. Qd3 O-O-O 21. c3 f6 22. Nf3 g5 23. Rg4 Be7 24. Re4 Bd6 25. Bd2 f5 26. Re2 g4 27. Ne5 Qg7 28. Bf4 Rg8 29. Rae1 gxh3 30. Qxh3 Qh7 31. Nd3 Be7 32. Nc5 Bxc5 33. bxc5 Re8 34. d5 cxd5 35. c6 bxc6 36. Rb1 Nd7 37. Qe3 Qg6 38. f3 e5 39. Qxa7 Qd6 40. Qa8+ Nb8 41. Qb7+ Kd8 42. Bxe5 Rxe5 43. Rxe5 Qc5+ 44. Kh1 1-0

[Event "Manitoba-Tch Expert"]
[Site "Winnipeg CAN"]
[Date "1998.04.17"]
[Round "4"]
[White "Udarbe, Steve"]
[Black "Sekhar, Ganesan"]
[Result "1-0"]
[WhiteElo "2091"]
[BlackElo "1930"]
[PlyCount "113"]
[GameId "2160767911873667"]
[EventDate "1998.03.27"]
[EventType "swiss"]
[EventRounds "5"]
[EventCountry "CAN"]

1. d4 Nf6 2. Bg5 h6 3. Bxf6 gxf6 4. Nf3 d5 5. e3 Bg4 6. Be2 c6 7. Nbd2 Nd7 8. c4 Qa5 9. cxd5 cxd5 10. h3 Bxf3 11. Bxf3 e6 12. O-O f5 13. Nb3 Qd8 14. Qd3 Bd6 15. Rfc1 Rg8 16. Nc5 Bxc5 17. dxc5 Ne5 18. Qb5+ Kf8 19. Be2 Rb8 20. Qa4 Qg5 21. g3 a6 22. Rc3 h5 23. h4 Qe7 24. Qf4 Nc6 25. Bxh5 Rh8 26. Be2 Kg7 27. Kf1 Rbd8 28. Rd1 Rd7 29. b4 Qf6 30. Rb3 e5 31. Qf3 e4 32. Qf4 d4 33. b5 Na5 34. Ra3 d3 35. Bg4 Nc4 36. Bxf5 Nxa3 37. Qg4+ Kf8 38. Bxd7 Qe5 39. bxa6 bxa6 40. Bf5 Qxc5 41. Qxe4 Rh5 42. Bg4 Re5 43. Qxd3 Nc4 44. Be2 Nb2 45. Qd8+ Re8 46. Qd6+ Qxd6 47. Rxd6 Rc8 48. Bxa6 Rc1+ 49. Kg2 Na4 50. Rd4 Nb6 51. Bb5 Ke7 52. a4 Nc8 53. a5 Nd6 54. Bd3 Ra1 55. a6 Ra2 56. h5 f5 57. h6 1-0

[Event "Manitoba-Tch Expert"]
[Site "Winnipeg CAN"]
[Date "1998.04.24"]
[Round "5"]
[White "Hellsten, Ole"]
[Black "Roque, Rodolfo"]
[Result "1-0"]
[WhiteElo "2016"]
[BlackElo "2031"]
[PlyCount "107"]
[GameId "2160767911873668"]
[EventDate "1998.03.27"]
[EventType "swiss"]
[EventRounds "5"]
[EventCountry "CAN"]

1. d4 d6 2. g3 Nd7 3. Nf3 Ngf6 4. Bg2 e5 5. dxe5 dxe5 6. O-O Be7 7. c4 O-O 8. Qc2 c6 9. b3 Qc7 10. Bb2 Re8 11. Nc3 a6 12. Rfd1 Bf8 13. e3 g6 14. Rd2 Nc5 15. Ng5 Bf5 16. Nge4 Be7 17. Nxf6+ Bxf6 18. Ne4 Bxe4 19. Bxe4 Bg7 20. Rad1 Rad8 21. b4 Ne6 22. c5 Qe7 23. Bg2 Qg5 24. Bf1 h5 25. Bc4 Nf8 26. Qb3 Qe7 27. Bxf7+ Kh7 28. Bxe8 Rxe8 29. Rd6 Bf6 30. Qd3 Kh6 31. Qe4 Qf7 32. Qf3 Nh7 33. Bc1 e4 34. Qf4+ Kg7 35. Rd7 Re7 36. Qc7 Kh6 37. Rxe7 Bxe7 38. Qf4+ Qxf4 39. exf4 Nf6 40. Re1 a5 41. a3 axb4 42. axb4 h4 43. Bb2 Nd5 44. Rxe4 h3 45. Bc1 Kh5 46. Bd2 Kg4 47. Re6 Bf6 48. Kf1 Kf3 49. Be1 g5 50. fxg5 Bxg5 51. Rg6 Bf6 52. Rh6 Kg4 53. Rh7 Be7 54. Ke2 1-0

[Event "Manitoba-Tch Expert"]
[Site "Winnipeg CAN"]
[Date "1998.04.24"]
[Round "5"]
[White "Schulz, Manfred"]
[Black "Udarbe, Steve"]
[Result "1/2-1/2"]
[WhiteElo "1981"]
[BlackElo "2091"]
[PlyCount "79"]
[GameId "2160767911873669"]
[EventDate "1998.03.27"]
[EventType "swiss"]
[EventRounds "5"]
[EventCountry "CAN"]

1. e4 e6 2. d4 d5 3. Nc3 Bb4 4. e5 c5 5. a3 Ba5 6. b4 cxd4 7. Nb5 Bc7 8. f4 Ne7 9. Qg4 Nf5 10. Nf3 Nc6 11. Bd3 g6 12. Bxf5 exf5 13. Qh3 a5 14. Bb2 axb4 15. Nbxd4 h5 16. O-O Be6 17. Kh1 Bb6 18. Nxc6 bxc6 19. axb4 O-O 20. Bd4 Bxd4 21. Nxd4 Qb6 22. c3 c5 23. bxc5 Qxc5 24. Qg3 Kh7 25. h3 Rfc8 26. Rxa8 Rxa8 27. Rc1 Ra3 28. Qe1 Qc4 29. Qe2 Rxc3 30. Rxc3 Qxc3 31. Qf2 Bc8 32. Kh2 Ba6 33. Nf3 Qc4 34. Qh4 Bc8 35. Kg3 d4 36. Qe7 Kg7 37. Qf6+ Kh7 38. Ng5+ Kg8 39. Qd8+ Kg7 40. Qf6+ 1/2-1/2

[Event "Manitoba-Tch Expert"]
[Site "Winnipeg CAN"]
[Date "1998.04.24"]
[Round "5"]
[White "Sekhar, Ganesan"]
[Black "Kim, Phillip"]
[Result "0-1"]
[WhiteElo "1930"]
[BlackElo "2085"]
[PlyCount "114"]
[GameId "2160767911873670"]
[EventDate "1998.03.27"]
[EventType "swiss"]
[EventRounds "5"]
[EventCountry "CAN"]

1. c4 Nf6 2. Nc3 g6 3. Nf3 Bg7 4. g3 O-O 5. Bg2 d6 6. O-O Nc6 7. d3 e5 8. Bg5 h6 9. Bxf6 Bxf6 10. Nd5 Bg7 11. e4 Bg4 12. Qd2 Qd7 13. b4 Bxf3 14. Bxf3 Nd4 15. Bg2 f5 16. f4 c6 17. Ne3 exf4 18. gxf4 Qe7 19. Rae1 Qh4 20. Qf2 Qh5 21. Bf3 Nxf3+ 22. Qxf3 Qxf3 23. Rxf3 fxe4 24. dxe4 Rae8 25. Ng2 d5 26. exd5 Rxe1+ 27. Nxe1 cxd5 28. cxd5 Rf5 29. d6 Rd5 30. Rd3 Bd4+ 31. Kg2 Rxd6 32. Nf3 Bc5 33. Ne5 Bxb4 34. Rxd6 Bxd6 35. Nxg6 Kf7 36. f5 Kf6 37. Nh4 Bf4 38. Kf3 Bxh2 39. Kg4 Bg1 40. Ng2 h5+ 41. Kxh5 Kxf5 42. Nh4+ Ke4 43. Kg5 Kd3 44. Kf4 Kc2 45. Nf3 Bb6 46. Ke4 Kb2 47. Nd2 Kxa2 48. Nc4 Bc7 49. Kd5 b5 50. Nd2 Bf4 51. Ne4 b4 52. Kc4 a5 53. Nc5 Bd6 54. Nb3 Bc7 55. Nc1+ Ka3 56. Nd3 b3 57. Kc3 a4 0-1

[Event "Manitoba-Tch Master"]
[Site "Winnipeg CAN"]
[Date "1998.03.27"]
[Round "1"]
[White "Hopper, Michael"]
[Black "Kollar, Frank"]
[Result "0-1"]
[WhiteElo "2109"]
[BlackElo "2233"]
[PlyCount "50"]
[GameId "2160767911873671"]
[EventDate "1998.03.27"]
[EventType "team"]
[EventRounds "5"]
[EventCountry "CAN"]

1. e4 c5 2. Nf3 a6 3. d4 cxd4 4. Nxd4 e5 5. Nf3 Nc6 6. Be2 Nf6 7. Nbd2 d5 8. exd5 Nxd5 9. O-O Be7 10. Nc4 e4 11. Nfe5 O-O 12. Nxc6 bxc6 13. Bd2 f5 14. Ba5 Qe8 15. Nb6 Nxb6 16. Bxb6 Be6 17. Qd2 f4 18. Qd4 Qg6 19. Bc4 f3 20. Bxe6+ Qxe6 21. Bc7 Bf6 22. Qe3 Qg4 23. Bg3 h5 24. h3 Qg6 25. gxf3 h4 0-1

[Event "Manitoba-Tch Master"]
[Site "Winnipeg CAN"]
[Date "1998.03.27"]
[Round "1"]
[White "Rasmussen, Barry"]
[Black "Gentes, Kevin"]
[Result "1/2-1/2"]
[WhiteElo "2195"]
[BlackElo "2378"]
[PlyCount "74"]
[GameId "2160767911873672"]
[EventDate "1998.03.27"]
[EventType "team"]
[EventRounds "5"]
[EventCountry "CAN"]

1. e4 c5 2. Nc3 e6 3. f4 Nc6 4. Nf3 a6 5. Be2 d5 6. O-O dxe4 7. Nxe4 Nf6 8. d3 Be7 9. Qe1 O-O 10. c3 Qd5 11. Nfg5 h6 12. Nxf6+ Bxf6 13. Ne4 Be7 14. Qg3 f5 15. Nd2 b5 16. Bf3 Qd7 17. Bxc6 Qxc6 18. Nf3 Bf6 19. Ne5 Bxe5 20. fxe5 Kh7 21. Qf3 Qxf3 22. gxf3 f4 23. c4 Bb7 24. a4 b4 25. Kf2 Rad8 26. Rd1 Rf5 27. a5 Rxe5 28. Bxf4 Rf5 29. Be3 Bxf3 30. Rd2 Bg4+ 31. Kg2 Bf3+ 32. Kg3 Rdf8 33. Rf2 R8f6 34. h3 Bc6 35. Raf1 Rg6+ 36. Kh2 Rh5 37. Re2 Rg4 1/2-1/2

[Event "Manitoba-Tch Master"]
[Site "Winnipeg CAN"]
[Date "1998.04.03"]
[Round "2"]
[White "Kirton, Dale"]
[Black "Kurlyandchik, Evgeni"]
[Result "1/2-1/2"]
[WhiteElo "2219"]
[BlackElo "2094"]
[PlyCount "23"]
[GameId "2160767911873673"]
[EventDate "1998.03.27"]
[EventType "team"]
[EventRounds "5"]
[EventCountry "CAN"]

1. d4 Nf6 2. c4 e6 3. Nf3 b6 4. g3 Bb7 5. Bg2 Bb4+ 6. Nbd2 Ne4 7. O-O Nxd2 8. Bxd2 Bxd2 9. Qxd2 O-O 10. Rfd1 d6 11. Qc2 Nd7 12. e4 1/2-1/2

[Event "Manitoba-Tch Master"]
[Site "Winnipeg CAN"]
[Date "1998.04.03"]
[Round "2"]
[White "Kollar, Frank"]
[Black "Langner, David"]
[Result "1/2-1/2"]
[WhiteElo "2233"]
[BlackElo "2252"]
[PlyCount "28"]
[GameId "2160767911873674"]
[EventDate "1998.03.27"]
[EventType "team"]
[EventRounds "5"]
[EventCountry "CAN"]

1. d4 Nf6 2. Nf3 g6 3. Bg5 Bg7 4. Nbd2 d5 5. e3 O-O 6. c3 Nbd7 7. Bd3 Re8 8. O-O e5 9. dxe5 Nxe5 10. Nxe5 Rxe5 11. Bf4 Re8 12. h3 c6 13. Qc2 Qb6 14. e4 dxe4 1/2-1/2